000 00374nam a2200169Ia 4500
001 8025
005 20250626025539.0
008 211022s9999 xx 000 0 und d
082 _a778.535 BUR
100 _aBurder, John
245 0 _aTechnique of Editing 16mm. Films
260 _aNwe York
260 _bHastings House
260 _c1968
300 _a152
942 _cBK
999 _c5188
_d5188